The changing adolescent experience

Gardado en:
Detalles Bibliográficos
Autor Principal: Jeylan T. Moritimer
Formato: Libro
Idioma:Undetermined
Publicado: Cambridge, UK Cambridge Univ. Press 2002
Những chủ đề:
Các nhãn: Engadir etiqueta
Sen Etiquetas, Sexa o primeiro en etiquetar este rexistro!
Thư viện lưu trữ: Trung tâm Học liệu Trường Đại học Cần Thơ
LEADER 00591nam a2200181Ia 4500
001 CTU_58511
008 210402s9999 xx 000 0 und d
082 |a 305.235 
082 |b C454 
100 |a Jeylan T. Moritimer 
245 4 |a The changing adolescent experience 
260 |a Cambridge, UK 
260 |b Cambridge Univ. Press 
260 |c 2002 
650 |a youth,adolescence,teenagers,twenty-first century 
650 |x social conditions,forecasting,forecasting,social conditions,forecasting,forecasting 
904 |i Minh 
980 |a Trung tâm Học liệu Trường Đại học Cần Thơ